C and Unix Programming: a conceptual perspective (Record no. 3556)

MARC details
000 -LEADER
fixed length control field 00443nam a22001697a 4500
005 - DATE AND TIME OF LATEST TRANSACTION
control field 20180206152421.0
008 - FIXED-LENGTH DATA ELEMENTS--GENERAL INFORMATION
fixed length control field 160622b xxu||||| |||| 00| 0 eng d
020 ## - INTERNATIONAL STANDARD BOOK NUMBER
ISBN 0-07-462213-7
041 ## - LANGUAGE CODE
Language code of text/sound track or separate title eng
082 ## - DEWEY DECIMAL CLASSIFICATION NUMBER
Item number 9005
Classification number 005.432
100 ## - MAIN ENTRY--AUTHOR NAME
Personal name Kutti, Narayanswamy
245 ## - TITLE STATEMENT
Title C and Unix Programming: a conceptual perspective
260 ## - PUBLICATION, DISTRIBUTION, ETC. (IMPRINT)
Name of publisher TMH
Place of publication new delhi
Year of publication 1995
300 ## - PHYSICAL DESCRIPTION
Number of Pages 410
650 ## - SUBJECT ADDED ENTRY--TOPICAL TERM
Topical Term information Technology
942 ## - ADDED ENTRY ELEMENTS (KOHA)
Koha item type Books
Holdings
Lost status Damaged status Collection code Home library Current library Shelving location Date acquired Source of acquisition Full call number Accession Number Koha item type
    CS/IT JRU Library JRU Library SHELF-50-D 22/06/2016 PURCHASE 005.432 9005 Books